Make Your Bed (Record no. 356945)

MARC details
000 -LEADER
fixed length control field 00319 a2200145 4500
005 - DATE AND TIME OF LATEST TRANSACTION
control field 20240925145119.0
008 - FIXED-LENGTH DATA ELEMENTS--GENERAL INFORMATION
fixed length control field 240306b |||||||| |||| 00| 0 eng d
020 ## - INTERNATIONAL STANDARD BOOK NUMBER
International Standard Book Number 9780718188863
041 ## - LANGUAGE CODE
Language code of text/sound track or separate title eng
100 ## - MAIN ENTRY--PERSONAL NAME
Author McRaven W.H.
245 ## - TITLE STATEMENT
Title Make Your Bed
260 ## - PUBLICATION, DISTRIBUTION, ETC.
Name of publisher, distributor, etc. Penguin
Date of publication, distribution, etc. 2017
300 ## - PHYSICAL DESCRIPTION
Extent 130
942 ## - ADDED ENTRY ELEMENTS (KOHA)
Koha item type Books
Holdings
Withdrawn status Lost status Source of classification or shelving scheme Damaged status Not for loan Home library Current library Date acquired Vendor Net Price Total Checkouts Full call number Barcode Date due Date last seen Date last checked out Actual Price Bill Date Koha item type
    Dewey Decimal Classification     Cummins College of Engineering for Women Pune Cummins College of Engineering for Women Pune 08/02/2024 149 262.50 25 823.4'3 MCR CCEP-BK-66151 10/11/2026 14/05/2026 14/05/2026 350.00 08/02/2024 Books